| 000 | 00738nam a22002417a 4500 | ||
|---|---|---|---|
| 999 |
_c200427602 _d45526 |
||
| 003 | TR-AnTOB | ||
| 005 | 20190926164224.0 | ||
| 008 | 171011b xxu||||| |||| 00| 0 tur d | ||
| 020 | _a9789944578479 | ||
| 040 |
_aTR-AnTOB _beng _cTR-AnTOB _erda |
||
| 041 | _atur | ||
| 050 |
_aDR589 _b.K87 2017 |
||
| 090 |
_aDR589 _b.K87 2017 |
||
| 245 |
_aKutuluş Savaşı / _cTarih,Kültür, Eğitim Derneği. |
||
| 264 |
_aİstanbul : _bTarih,Kültür, Eğitim Derneği, _c2017. |
||
| 300 |
_a181 pages : _billustrations ; _c50x28 cm |
||
| 336 |
_2rdacontent _atext |
||
| 337 |
_2rdamedia _aunmediated |
||
| 338 |
_2rdacarrier _avolume |
||
| 651 | 0 |
_aTurkey _xHistory _yRevolution, 1918-1923 _941590 |
|
| 942 |
_2lcc _cBK |
||